Paroles : Bonne idée - Jean-Jacques Goldman - Statistiques

Statistiques générales
  • Ce quiz a été pris 89 fois
    88 depuis la dernière actualisation
  • Le résultat moyen est 183 sur 244
Statistiques - réponses
Réponse % Correct
de
100%
De
100%
su
100%
a
99%
à
99%
idée
99%
bon
97%
Bonne
97%
le
97%
Un
97%
un
97%
des
96%
Des
96%
j'ai
96%
me
96%
ne
96%
ou
96%
96%
si
96%
et
94%
Et
94%
la
94%
Une
94%
une
94%
au
93%
Au
93%
dit
93%
je
93%
Je
93%
les
93%
m'a
93%
ma
93%
qui
91%
bien
90%
Nous
87%
nous
87%
en
85%
suis
85%
compter
84%
été
84%
janvier
82%
tous
82%
ces
81%
sommes
81%
avons
79%
même
79%
On
79%
puis
79%
vu
79%
début
76%
dernier
76%
derniers
76%
lumière
76%
vous
76%
jour
75%
fois
73%
très
73%
du
72%
moins
72%
vainqueurs
72%
est
70%
meilleurs
70%
mon
70%
Reste
70%
soir
70%
ai
69%
c'est
69%
fait
69%
nés
69%
parmi
69%
tout
69%
Tout
69%
eu
67%
mes
67%
milliers
67%
nos
67%
Y
67%
y
67%
fête
66%
mais
66%
nuit
66%
peu
66%
plus
66%
ciel
64%
étincelle
64%
alors
63%
arc
63%
avant
63%
Avec
63%
qu'il
63%
qu'une
63%
course
61%
gagné
61%
avait
60%
beau
60%
Comme
60%
filles
60%
matchs
60%
rugby
60%
toi
60%
aussi
58%
étrange
58%
l'idée
58%
l'obscurité
58%
absurdité
57%
guitare
57%
Juste
57%
Qu'importe
57%
sorti
57%
trouvés
57%
autre
55%
comprendre
55%
creux
55%
était
55%
fatigué
55%
mères
55%
passage
55%
pluie
55%
rideaux
55%
soleil
55%
chaque
54%
Frédéric
54%
grands
54%
j'étais
54%
mûrir
54%
nouveau
54%
ouvrant
54%
Ruth
54%
caresser
52%
réveil
52%
rien
52%
spaghettis
52%
appuyés
51%
désaltérer
51%
différent
51%
lequel
51%
sac
51%
Winter
51%
désert
49%
tombé
49%
Dard
48%
débarque
48%
hasard
48%
motards
48%
Johnny
46%
parfums
46%
qu'on
46%
couleurs
45%
marchais
45%
partageant
45%
prendre
45%
seul
45%
éclatent
43%
mange
43%
vertiges
43%
chercher
42%
festins
42%
trésors
42%
vraiment
42%
change
40%
routes
39%
semble
39%
voeux
39%
frères
36%
flots
34%
Moïshé
31%
tendres
31%
Aucun quiz correspondant
Distribution des résultats
% des personnes avec chaque résultat
Percentile par nombre de réponses
Votre historique - résultats
Vous n’avez pas pris ce quiz depuis la dernière actualisation